[Event "Osijek op 10th"]
[Site "Osijek"]
[Date "2017.02.25"]
[Round "6"]
[White "Juric, Ester"]
[Black "Jakovljevic, Tadija"]
[Result "1-0"]
[WhiteElo "1455"]
[BlackElo "1643"]
[PlyCount "83"]
[EventDate "2017.02.23"]
[EventType "swiss"]
[EventRounds "7"]
[EventCountry "CRO"]
[SourceTitle "EXT 2019"]
[Source "ChessBase"]
[SourceDate "2018.10.10"]
[SourceVersion "1"]
[SourceVersionDate "2018.10.10"]
[SourceQuality "1"]

1. e4 e5 2. Nf3 d5 3. exd5 Bd6 4. Nc3 Nf6 5. d3 c6 6. dxc6 Nxc6 7. Be2 0-0 8. 0-0 a6 9. h3 Be6 10. Bg5 Qc7 11. Bxf6 gxf6 12. Ne4 Be7 13. Qd2 Kh8 14. Qh6 Qd8 15. Rad1 Rg8 16. Ng3 Rg6 17. Qe3 b6 18. Nh4 Rg5 19. Nf3 Rg7 20. d4 Qg8 21. Kh1 exd4 22. Nxd4 Nxd4 23. Qxd4 b5 24. Qh4 Qf8 25. Bd3 f5 26. Qd4 Rd8 27. Qe3 Bg5 28. Qe2 Bh4 29. Nxf5 Rxd3 30. Qxd3 Bxf5 31. Qxf5 Qg8 32. Rg1 Qe8 33. Rd7 h6 34. Rc7 Bd8 35. Rc8 Qe7 36. Rd1 Rg8 37. Qd3 Qb7 38. Qc3+ Kh7 39. f3 Qb6 40. Qd3+ Rg6 41. Qxd8 Rxg2 42. Qh8+ 1-0